00226nam a2200097Ia 4500008004100000100000900041245002500050260002900075942000700104999001700111190216s9999||||xx |||||||||||||| ||und|| aNull 0aHindi-Shool Ka Shiva bMac Millian And Com. Ltd cBK c18368d18368